[Event "Titled Tue 10th Jun Early"]
[Site "chess.com INT"]
[Date "2025.06.10"]
[Round "10"]
[White "Gurevich, Dmitry"]
[Black "Vakhlamov, Igor L."]
[Result "0-1"]
[WhiteTitle "GM"]
[BlackTitle "FM"]
[WhiteElo "2338"]
[BlackElo "2413"]
[WhiteFideId "2000407"]
[BlackFideId "24126748"]
[EventDate "2025.06.10"]

1. d4 d5 2. c4 e6 3. Nc3 c6 4. e4 Bb4 5. e5 Ne7 6. a3 Ba5 7. Nf3 Nd7 8. Bd3 dxc4
9. Bxc4 Nd5 10. Bd2 Bb6 11. Ne4 O-O 12. b4 f6 13. Nc5 Nxc5 14. bxc5 Bc7 15. O-O
Bd7 16. Re1 Be8 17. exf6 Qxf6 18. Bg5 Qg6 19. Bd3 Qh5 20. h4 h6 21. Bd2 Bg6 22.
Ne5 Qxd1 23. Raxd1 Bxe5 24. Bxg6 Bxd4 25. Rf1 Bxc5 26. a4 Rf6 27. h5 Raf8 28.
Be1 Ne3 29. Rd7 Nxf1 30. Kxf1 Bxf2 31. Bxf2 Rxf2+ 32. Kg1 Rb2 33. Re7 Rb4 34. a5
Rb5 35. a6 bxa6 36. Rxa7 a5 37. Kh2 Rc5 38. Kh3 e5 39. g4 Rc3+ 40. Kh4 Rc5 0-1

[Event "Titled Tue 10th Jun Early"]
[Site "chess.com INT"]
[Date "2025.06.10"]
[Round "10"]
[White "Mikhailova, Irina"]
[Black "Sanhueza, Cristian"]
[Result "0-1"]
[WhiteTitle "WGM"]
[BlackTitle "FM"]
[WhiteElo "2143"]
[BlackElo "2213"]
[WhiteFideId "4109040"]
[BlackFideId "116815"]
[EventDate "2025.06.10"]

1. d4 Nf6 2. Nf3 g6 3. c4 Bg7 4. Nc3 O-O 5. e4 d6 6. Be2 e5 7. dxe5 dxe5 8. Qxd8
Rxd8 9. Bg5 Re8 10. Nd5 Nxd5 11. cxd5 c6 12. Bc4 cxd5 13. Bxd5 Nd7 14. Nd2 Nc5
15. O-O-O Be6 16. Bxe6 Nxe6 17. Be3 Nf4 18. Bxf4 exf4 19. f3 f5 20. Rhe1 Rac8+
21. Kb1 Kf7 22. exf5 gxf5 23. Rxe8 Rxe8 24. Nb3 a5 25. Rd7+ Kg6 26. Rd6+ Bf6 27.
Rd2 a4 28. Nc5 b5 29. Nd3 Kg5 30. Kc2 Bd4 31. Nb4 Be3 32. Rd5 Rc8+ 33. Kd3 Rc1
34. Rxb5 Rg1 35. Nd5 Bc1 36. Ne7 Rxg2 37. Rxf5+ Kh6 38. Nd5 Rxb2 39. Nxf4 Rxa2
40. Rh5+ Kg7 41. Ne2 Rd2+ 42. Ke3 Rd5+ 43. Nxc1 Rxh5 44. Na2 Rxh2 45. Nc3 a3 0-1

[Event "Titled Tue 10th Jun Early"]
[Site "chess.com INT"]
[Date "2025.06.10"]
[Round "10"]
[White "Deac, Bogdan-Daniel"]
[Black "Cordoba Roa, Angel Gabriel"]
[Result "1-0"]
[WhiteTitle "GM"]
[BlackTitle "FM"]
[WhiteElo "2674"]
[BlackElo "2396"]
[WhiteFideId "1226380"]
[BlackFideId "3957624"]
[EventDate "2025.06.10"]

1. d4 Nf6 2. c4 e6 3. Nc3 d5 4. Nf3 Bb4 5. Bg5 h6 6. Bxf6 Qxf6 7. e3 O-O 8. Rc1
c6 9. Qb3 a5 10. a3 Bxc3+ 11. Qxc3 Nd7 12. Be2 Re8 13. O-O dxc4 14. Bxc4 e5 15.
d5 Nb6 16. dxc6 Nxc4 17. Qxc4 bxc6 18. Rfd1 Rb8 19. Rd2 c5 20. Ne1 Ba6 21. Qc3
a4 22. Qa5 Red8 23. Rxc5 Rxd2 24. Qxd2 e4 25. Rc2 Rb3 26. h3 Bd3 27. Rc3 Qd6 28.
Rxb3 axb3 29. Qb4 Qxb4 30. axb4 Bc4 31. f3 f5 32. g4 g6 33. gxf5 gxf5 34. fxe4
fxe4 35. Kf2 Kf7 36. Kg3 Ke6 37. Kf4 Kd5 38. h4 Bf1 39. Kf5 h5 40. Kg5 Be2 41.
Ng2 Kc4 42. Nf4 Bf3 43. Kg6 Kxb4 44. Nxh5 Bxh5+ 45. Kxh5 Kc4 46. Kg4 Kd3 47. h5
Kc2 48. h6 Kxb2 49. h7 Kc2 50. h8=Q b2 51. Qxb2+ 1-0

[Event "Titled Tue 10th Jun Early"]
[Site "chess.com INT"]
[Date "2025.06.10"]
[Round "10"]
[White "Safin Safarullakhan"]
[Black "Bahmani, Koorosh"]
[Result "1-0"]
[WhiteTitle "CM"]
[BlackTitle "CM"]
[WhiteElo "2028"]
[BlackElo "2207"]
[WhiteFideId "33379475"]
[BlackFideId "42576750"]
[EventDate "2025.06.10"]

1. e4 c6 2. d4 d5 3. exd5 cxd5 4. Bd3 Nf6 5. c3 Nc6 6. Bf4 Bg4 7. Qb3 e5 8. dxe5
Nh5 9. Be3 Nxe5 10. Qc2 Nxd3+ 11. Qxd3 Nf6 12. Nd2 Bd6 13. Ngf3 O-O 14. O-O Re8
15. Bg5 h6 16. Bh4 Bc7 17. h3 Be6 18. Nb3 Bf4 19. Rad1 g5 20. Bg3 Bxg3 21. fxg3
Ne4 22. Nfd4 Qd6 23. Nxe6 Rxe6 24. Rf3 Rae8 25. Nd4 Rf6 26. Nf5 Qe5 27. Qxd5
Qxd5 28. Rxd5 h5 29. g4 h4 30. Rd4 Rxf5 31. gxf5 Ng3 32. Rd1 Re2 33. Rf2 Re3 34.
f6 Kh7 35. Kh2 Kg6 36. c4 Re4 37. b3 Re3 38. c5 Rc3 39. b4 a5 40. Rf3 Rc2 41. a3
Rc4 42. Rb1 1-0

[Event "Titled Tue 10th Jun Early"]
[Site "chess.com INT"]
[Date "2025.06.10"]
[Round "10"]
[White "Pulido Alvarez, Ariel"]
[Black "Begunov, Konstantin"]
[Result "1-0"]
[WhiteTitle "FM"]
[BlackTitle "FM"]
[WhiteElo "2252"]
[BlackElo "2325"]
[WhiteFideId "3503011"]
[BlackFideId "4118510"]
[EventDate "2025.06.10"]

1. e4 g6 2. d4 Bg7 3. Nc3 c6 4. Nf3 d5 5. Bd3 Bg4 6. exd5 cxd5 7. Bb5+ Nc6 8. h3
Bxf3 9. Qxf3 e6 10. Be3 Ne7 11. h4 a6 12. Ba4 b5 13. Bb3 Nxd4 14. Bxd4 Bxd4 15.
O-O-O Qb6 16. h5 g5 17. Ne2 Bxf2 18. Qf6 Rf8 19. Nc3 b4 20. Na4 Qd6 21. Qxg5 Bg3
22. Kb1 O-O-O 23. Qe3 Kb7 24. Nc5+ Ka8 25. Nd3 Nf5 26. Qe2 Nd4 27. Qf1 Nxb3 28.
axb3 Ka7 29. Rh3 f5 30. Qg1+ Kb7 31. Qd4 a5 32. Nc5+ Kc6 33. Na4 Qc7 34. c3 Kb7
35. cxb4 axb4 36. Qxb4+ 1-0

[Event "Titled Tue 10th Jun Early"]
[Site "chess.com INT"]
[Date "2025.06.10"]
[Round "10"]
[White "Katishonok, Nikolaj"]
[Black "Bratovic, Blaz"]
[Result "0-1"]
[WhiteTitle "FM"]
[BlackTitle "IM"]
[WhiteElo "2004"]
[BlackElo "2319"]
[WhiteFideId "11600225"]
[BlackFideId "14603551"]
[EventDate "2025.06.10"]

1. Nf3 Nf6 2. c4 e6 3. Nc3 d5 4. cxd5 exd5 5. d4 c6 6. Bg5 Bf5 7. e3 Nbd7 8. Bd3
Bxd3 9. Qxd3 Be7 10. O-O O-O 11. a3 a5 12. Rab1 Re8 13. h3 h6 14. Bh4 Rc8 15.
Rfc1 Nb6 16. Bxf6 Bxf6 17. b4 axb4 18. Rxb4 Be7 19. Rb3 Ra8 20. Rcb1 Nc4 21.
Rxb7 Rxa3 22. Ne5 Nxe5 23. dxe5 Bf8 24. Qd4 Qa5 25. Ne2 Ra4 26. Qb6 Qxb6 27.
R1xb6 Rc8 28. Rd7 Rb4 29. Ra6 Bc5 30. Nf4 Rb1+ 31. Kh2 Rb2 32. Kg3 Rb3 33. e6
fxe6 34. Nxe6 Bf8 35. Raa7 Ra3 36. Nxf8 Rxa7 37. Rxa7 Kxf8 38. Rd7 Re8 39. Kf3
Re6 40. Ke2 Re7 0-1

[Event "Titled Tue 10th Jun Early"]
[Site "chess.com INT"]
[Date "2025.06.10"]
[Round "10"]
[White "Nazin, Roman"]
[Black "Horobetz, Graham"]
[Result "1-0"]
[WhiteTitle "CM"]
[WhiteElo "2250"]
[BlackElo "2250"]
[WhiteFideId "4137167"]
[BlackFideId "2047322"]
[EventDate "2025.06.10"]

1. d4 Nf6 2. Nf3 d5 3. c4 e6 4. Nc3 Bb4 5. cxd5 exd5 6. Bg5 O-O 7. e3 h6 8. Bxf6
Qxf6 9. Qb3 Nc6 10. Be2 Be6 11. O-O Bd6 12. Qxb7 Nb4 13. Qb5 Rab8 14. Qa4 Rb6
15. a3 Nc6 16. b4 g5 17. Rfc1 g4 18. Ne1 Ne7 19. g3 h5 20. Ng2 Ng6 21. Qd1 a6
22. e4 dxe4 23. Nxe4 Qd8 24. Nxd6 Rxd6 25. Qc2 c6 26. Bc4 Bxc4 27. Qxc4 Qf6 28.
Qc5 Rxd4 29. Re1 Rd5 30. Qe3 Ne5 31. Nh4 Rfd8 32. Re2 Re8 33. Rae1 Nf3+ 34. Qxf3
gxf3 35. Rxe8+ Kg7 36. R8e3 Qb2 37. Rxf3 Qd2 38. Re7 1-0

[Event "Titled Tue 10th Jun Early"]
[Site "chess.com INT"]
[Date "2025.06.10"]
[Round "10"]
[White "Berikkyzy Alanna"]
[Black "Bozorov, Javohir"]
[Result "0-1"]
[WhiteTitle "WFM"]
[BlackTitle "FM"]
[WhiteElo "2080"]
[BlackElo "2039"]
[WhiteFideId "13780719"]
[BlackFideId "14216957"]
[EventDate "2025.06.10"]

1. e4 c5 2. Nf3 d6 3. d4 cxd4 4. Nxd4 Nf6 5. Nc3 a6 6. Bg5 e6 7. f4 Be7 8. Qf3
Nbd7 9. O-O-O Qc7 10. Bd3 h6 11. h4 b5 12. f5 e5 13. Nb3 Bb7 14. Bxf6 Nxf6 15.
g4 b4 16. Nd5 Nxd5 17. exd5 Qb6 18. Qe2 Rc8 19. Be4 a5 20. Qd2 a4 21. Na1 a3 22.
Nb3 axb2+ 23. Kxb2 Ra8 24. g5 Qa6 25. Nc1 Qa3+ 26. Kb1 Ba6 27. g6 Bc4 28. gxf7+
Kxf7 29. Qg2 Bf6 30. Qg6+ Ke7 31. Qg2 Rhc8 32. Rh3 Bxa2+ 33. Nxa2 Qxa2+ 34. Kc1
b3 35. Kd2 Rxc2+ 36. Bxc2 Qxc2+ 37. Ke1 Qxg2 38. Rxb3 Bxh4+ 0-1

[Event "Titled Tue 10th Jun Early"]
[Site "chess.com INT"]
[Date "2025.06.10"]
[Round "10"]
[White "Lopez Abreu, Michel Samuel"]
[Black "Arias Gaviria, Mario Alexis"]
[Result "1-0"]
[WhiteTitle "FM"]
[BlackTitle "FM"]
[WhiteElo "2038"]
[BlackElo "2298"]
[WhiteFideId "3927903"]
[BlackFideId "3800660"]
[EventDate "2025.06.10"]

1. Nf3 Nf6 2. d4 g6 3. c4 Bg7 4. Nc3 O-O 5. g3 d5 6. cxd5 Nxd5 7. Bg2 Nxc3 8.
bxc3 c5 9. O-O Nc6 10. e3 Be6 11. Bb2 Bc4 12. Re1 Rc8 13. Ba3 Qa5 14. Bxc5 b6
15. Bb4 Nxb4 16. cxb4 Qxb4 17. Nd2 Bd3 18. Nb3 Bc2 19. Qf3 a5 20. Rac1 Bxb3 21.
axb3 Qxb3 22. Rb1 Qe6 23. Qb7 Rb8 24. Qc7 Rfc8 25. Qa7 Qc4 26. Rxb6 Rxb6 27.
Qxb6 Qb4 28. Qxb4 axb4 29. Rb1 Rb8 30. Bd5 e5 31. dxe5 Bxe5 32. f4 Bc3 33. Kf2
Kf8 34. Ke2 f5 35. Bb3 Ra8 36. Rd1 Ra3 37. Rb1 Ke7 38. Kd3 Ra6 39. Bc4 Rd6+ 40.
Ke2 Rd2+ 41. Kf3 Rxh2 42. Be2 Kd6 43. Rd1+ Kc5 44. Rb1 h5 45. Bd1 Be1 46. e4
fxe4+ 47. Kxe4 Bxg3 48. Rc1+ Kb6 49. Kf3 Be1 50. Bc2 Bd2 51. Rb1 Kc5 52. Bxg6
Rh3+ 53. Kg2 Rh4 54. f5 Bc3 55. Kg3 Be5+ 56. Kxh4 1-0

[Event "Titled Tue 10th Jun Early"]
[Site "chess.com INT"]
[Date "2025.06.10"]
[Round "10"]
[White "Alonso Rosell, Alvar"]
[Black "Maghsoodloo, Parham"]
[Result "0-1"]
[WhiteTitle "GM"]
[BlackTitle "GM"]
[WhiteElo "2536"]
[BlackElo "2691"]
[WhiteFideId "2270544"]
[BlackFideId "12539929"]
[EventDate "2025.06.10"]

1. d4 Nf6 2. c4 e6 3. Nf3 d5 4. g3 Bb4+ 5. Nc3 O-O 6. Bg2 Nbd7 7. O-O c6 8. Nd2
Re8 9. a3 Bxc3 10. bxc3 e5 11. cxd5 cxd5 12. a4 e4 13. a5 h5 14. c4 Nb8 15. cxd5
Qxd5 16. Bb2 Nc6 17. Qb3 Be6 18. Qe3 Bg4 19. Rfc1 Rad8 20. a6 b6 21. h3 Bf5 22.
Rc4 Qe6 23. Rac1 Ne7 24. d5 Nexd5 25. Qg5 e3 26. Nf1 exf2+ 27. Kh2 Bg6 28. Rc6
Qxe2 29. Ba1 Qe7 30. Qh4 Ne4 31. Qxe7 Rxe7 32. Rc8 Rxc8 33. Rxc8+ Kh7 34. Rb8
Nb4 35. Rb7 Re6 36. Rxa7 b5 37. Rb7 Rxa6 38. Rxb5 Nc2 39. Bb2 Ne1 40. Bxe4 Bxe4
41. Rxh5+ Kg6 42. g4 Ra2 43. Bc1 Bd3 44. Ng3 f1=N+ 0-1

[Event "Titled Tue 10th Jun Early"]
[Site "chess.com INT"]
[Date "2025.06.10"]
[Round "10"]
[White "Iskusnyh, Sergei"]
[Black "Ilamparthi, A R"]
[Result "0-1"]
[WhiteTitle "GM"]
[BlackTitle "IM"]
[WhiteElo "2440"]
[BlackElo "2490"]
[WhiteFideId "4120027"]
[BlackFideId "45015775"]
[EventDate "2025.06.10"]

1. d4 c5 2. d5 e5 3. e4 d6 4. Bb5+ Nd7 5. a4 Be7 6. Nf3 Nf6 7. Nc3 O-O 8. O-O
Ne8 9. Nd2 g6 10. Be2 Ng7 11. Nc4 Nf6 12. a5 Nfh5 13. g3 Bh3 14. Re1 Qd7 15. Ne3
f5 16. exf5 Nxf5 17. Nxf5 Qxf5 18. Be3 Nf4 19. Bf3 Nh5 20. Be4 Qf6 21. Ra4 Rf7
22. a6 b6 23. Bh1 Raf8 24. Ne4 Qg7 25. Qd2 g5 26. Bxg5 Rxf2 27. Nxf2 Bxg5 28.
Qe2 Bd7 29. Raa1 Nf4 30. Qc4 h5 31. b4 b5 32. Qc3 h4 33. bxc5 hxg3 34. hxg3 Bh4
35. Ra3 Nh5 36. cxd6 Bxg3 37. Re2 Bxf2+ 38. Kh2 Qg1# 0-1

[Event "Titled Tue 10th Jun Early"]
[Site "chess.com INT"]
[Date "2025.06.10"]
[Round "10"]
[White "Mihajlovskij, Sergei"]
[Black "Belov, Alexei"]
[Result "1-0"]
[BlackTitle "IM"]
[WhiteElo "2292"]
[BlackElo "2421"]
[WhiteFideId "13500805"]
[BlackFideId "4128206"]
[EventDate "2025.06.10"]

1. e4 e6 2. d4 d5 3. e5 c5 4. c3 Qb6 5. Nf3 Nc6 6. Bd3 cxd4 7. O-O Bd7 8. Re1
Rc8 9. Nbd2 dxc3 10. bxc3 Na5 11. c4 Ne7 12. Ng5 h6 13. Qh5 g6 14. Qh3 Bg7 15.
Ngf3 Nf5 16. Ba3 dxc4 17. Bc2 Bc6 18. Bxf5 gxf5 19. Qg3 Bf8 20. Rab1 Qd8 21. Bd6
c3 22. Nb3 c2 23. Rbc1 Nxb3 24. axb3 Bxf3 25. Qxf3 Bxd6 26. exd6 Qxd6 27. Qxb7
Qc6 28. Qxa7 O-O 29. Qe3 Kh7 30. Re2 Rfd8 31. Ree1 Rd5 32. h3 Rcd8 33. Kh2 Rd1
34. Qe2 Qe4 35. Qh5 R8d7 36. Rxe4 Rxc1 37. Rh4 Rh1+ 38. Kxh1 c1=Q+ 39. Kh2 Kg7
40. Qf3 Qg5 41. Rc4 Rd2 42. b4 Qf6 43. Qf4 Qg5 44. Qe5+ Qf6 45. Qe3 Qg5 46. Qc3+
Kh7 47. Qf3 Kg7 48. b5 1-0

[Event "Titled Tue 10th Jun Early"]
[Site "chess.com INT"]
[Date "2025.06.10"]
[Round "10"]
[White "Gavarrete, Nahun"]
[Black "Estrada Nieto, Julian"]
[Result "0-1"]
[WhiteTitle "FM"]
[BlackTitle "IM"]
[WhiteElo "2281"]
[BlackElo "2181"]
[WhiteFideId "8400709"]
[BlackFideId "5101018"]
[EventDate "2025.06.10"]

1. e4 e5 2. Nf3 Nc6 3. Bc4 Bc5 4. Nc3 Nf6 5. Bb3 a6 6. Nxe5 Nxe5 7. d4 Bd6 8.
dxe5 Bxe5 9. f4 Bxc3+ 10. bxc3 O-O 11. O-O Nxe4 12. Bb2 c6 13. Qd3 Qb6+ 14. Qd4
Qxd4+ 15. cxd4 d5 16. Rfe1 Bf5 17. h3 h5 18. Kh2 h4 19. Rad1 Rfe8 20. c4 Rad8
21. cxd5 cxd5 22. Re3 Kh7 23. Rde1 Re6 24. Kg1 b5 25. Ba3 a5 26. Bb2 a4 27. Bc2
Rc8 28. Bd3 b4 29. Bb5 a3 30. Bd7 axb2 31. Bxc8 Nc3 32. Bxe6 fxe6 33. Kf2 b1=Q
34. Rxb1 Bxb1 35. Ke1 Bxa2 36. Kd2 Ne4+ 37. Kc1 Bc4 38. Kb2 Kg6 39. Rf3 Kf5 40.
Kc2 b3+ 41. Kb2 Nd6 42. Kc3 Nb5+ 43. Kb2 Nxd4 44. Rf2 Nc6 45. Rf3 Nb4 46. g3
Nd3+ 47. Kb1 hxg3 48. Rxg3 Nxf4 49. Rxg7 Nxh3 50. Rf7+ Ke4 51. Kc1 Nf4 52. Rh7
e5 53. Rh4 d4 54. Kd2 Bd3 55. Rh8 b2 0-1

[Event "Titled Tue 10th Jun Early"]
[Site "chess.com INT"]
[Date "2025.06.10"]
[Round "10"]
[White "Toropov, Pavel"]
[Black "Myagmarsuren, Evsuld"]
[Result "1-0"]
[WhiteTitle "FM"]
[BlackTitle "FM"]
[WhiteElo "2308"]
[BlackElo "2292"]
[WhiteFideId "24129178"]
[BlackFideId "1551639"]
[EventDate "2025.06.10"]

1. e4 c5 2. Nf3 g6 3. d4 cxd4 4. Nxd4 Nc6 5. c4 Nf6 6. Nc3 d6 7. Be2 Nxd4 8.
Qxd4 Bg7 9. Be3 O-O 10. Qd2 a5 11. O-O a4 12. f3 Qa5 13. Rfc1 Be6 14. Rab1 Rfc8
15. b4 axb3 16. axb3 Qb4 17. Kh1 Nd7 18. h3 Nc5 19. Nd5 Qxd2 20. Bxd2 Bxd5 21.
cxd5 Be5 22. Bb5 Kg7 23. Be3 Ra5 24. Bf1 Ra3 25. f4 Bf6 26. e5 Bh4 27. Bd4 f6
28. b4 Ra4 29. exd6 exd6 30. Bg1 Ne4 31. Rxc8 Rxb4 32. Rcc1 Ng3+ 33. Kh2 Rxf4
34. Bb5 Nf5 35. Rf1 Bg3+ 36. Kh1 Re4 37. Bd3 Be5 38. Rxf5 gxf5 39. Bxe4 fxe4 40.
Rxb7+ Kg6 41. g4 f5 42. gxf5+ Kxf5 43. Kg2 h5 44. Rh7 Kg6 45. Re7 Kf5 46. Re6
Bf4 47. Bf2 Be5 48. Bg3 Bd4 49. Bxd6 e3 50. Bg3 1-0

[Event "Titled Tue 10th Jun Early"]
[Site "chess.com INT"]
[Date "2025.06.10"]
[Round "10"]
[White "Marynychenko, Yehor"]
[Black "Shandrygin, Nikita"]
[Result "0-1"]
[WhiteTitle "CM"]
[BlackTitle "FM"]
[WhiteElo "2183"]
[BlackElo "2209"]
[WhiteFideId "34160558"]
[BlackFideId "24198668"]
[EventDate "2025.06.10"]

1. e4 e5 2. Nf3 f5 3. Nxe5 Qe7 4. Nf3 fxe4 5. Nd4 Nf6 6. Be2 c5 7. Nb3 d5 8. O-O
c4 9. Nd4 Qe5 10. c3 Bd6 11. f4 Qe7 12. Bh5+ g6 13. Nf5 Bxf5 14. Be2 O-O 15. Na3
Nc6 16. Nc2 Bc5+ 17. Ne3 h5 18. Kh1 Rad8 19. b4 Bb6 20. a4 d4 21. Bxc4+ Kg7 22.
Nxf5+ gxf5 23. Qe1 Ng4 24. a5 Bc7 25. cxd4 Nxd4 26. Bb2 Qxb4 27. Qc1 Kg6 28. Ba3
Qxa5 29. Bxf8 Qb6 30. Bc5 Qf6 31. Bxd4 Rxd4 32. Be2 Bb6 33. h3 Rd8 34. Qc3 Bd4
35. Qb3 Bxa1 36. hxg4 hxg4 37. g3 Rxd2 38. Qg8+ Qg7 39. Qe8+ Kf6 40. Rf2 Bd4 41.
Rh2 Be3 42. Qd8+ Rxd8 0-1

[Event "Titled Tue 10th Jun Early"]
[Site "chess.com INT"]
[Date "2025.06.10"]
[Round "10"]
[White "Sayce, Hannah"]
[Black "Manzone, Alessandro"]
[Result "1-0"]
[WhiteTitle "WCM"]
[BlackTitle "FM"]
[WhiteElo "1877"]
[BlackElo "2397"]
[WhiteFideId "3250695"]
[BlackFideId "112488"]
[EventDate "2025.06.10"]

1. e4 c5 2. Nf3 e6 3. d4 cxd4 4. Nxd4 Nc6 5. Nc3 Qc7 6. Be2 a6 7. O-O Nf6 8. h3
Nxd4 9. Qxd4 Bc5 10. Qd3 b5 11. Be3 Bb7 12. Bf3 d6 13. Bxc5 dxc5 14. e5 Nd7 15.
Bxb7 Qxb7 16. Rfe1 O-O 17. Rad1 Nb6 18. Ne4 c4 19. Qg3 Kh8 20. Nd6 Qc7 21. Rd4
Rad8 22. Rg4 f6 23. exf6 gxf6 24. Rxe6 Nd5 25. Nf5 Qf7 26. Rc6 Qd7 27. Nh6 Nf4
28. Qxf4 Qxc6 29. Nf5 Qe6 30. Rg3 Rg8 31. Re3 Qf7 32. Nh6 Rd1+ 33. Kh2 Qg6 34.
Nxg8 Kxg8 35. Rg3 1-0

[Event "Titled Tue 10th Jun Early"]
[Site "chess.com INT"]
[Date "2025.06.10"]
[Round "10"]
[White "Mikhalsky, Vladimir"]
[Black "Ugarte Soto, Cesar"]
[Result "1-0"]
[BlackTitle "CM"]
[WhiteElo "2219"]
[BlackElo "2088"]
[WhiteFideId "14144352"]
[BlackFideId "3601331"]
[EventDate "2025.06.10"]

1. c4 e6 2. g3 d5 3. Bg2 Nf6 4. Nf3 Be7 5. O-O O-O 6. b3 c6 7. Bb2 Nbd7 8. d4 b6
9. Nbd2 Bb7 10. cxd5 cxd5 11. a3 a5 12. Rc1 Qb8 13. Nb1 Rc8 14. Nc3 Ba6 15. Re1
b5 16. e4 b4 17. axb4 axb4 18. e5 bxc3 19. exf6 cxb2 20. Rxc8+ Qxc8 21. fxe7 Qe8
22. Qd2 Qxe7 23. Qxb2 Qb4 24. Ra1 Bb7 25. Rxa8+ Bxa8 26. Bf1 Bc6 27. Qc2 Qb6 28.
Qc3 f6 29. b4 Kf7 30. Qb2 Bb5 31. Ne1 Bxf1 32. Kxf1 Qb5+ 33. Kg2 Nb6 34. Qc3 Qc4
35. Qd2 e5 36. dxe5 fxe5 37. Nf3 Qe4 38. Qd3 Kf6 39. Qd2 h6 40. b5 d4 41. Qb4
Qd5 42. Qf8+ Kg6 43. Qe8+ Kf6 44. g4 e4 45. Nh4 e3+ 46. f3 Nd7 47. Nf5 Ne5 48.
Qe7+ Kg6 49. Qxg7# 1-0

[Event "Titled Tue 10th Jun Early"]
[Site "chess.com INT"]
[Date "2025.06.10"]
[Round "10"]
[White "Levitan, Judah Nathan"]
[Black "Bartakke, Amardeep S."]
[Result "0-1"]
[WhiteTitle "CM"]
[BlackTitle "CM"]
[WhiteElo "2266"]
[BlackElo "2116"]
[WhiteFideId "14332639"]
[BlackFideId "5003288"]
[EventDate "2025.06.10"]

1. e4 c5 2. Nf3 d6 3. d4 cxd4 4. Nxd4 Nf6 5. Nc3 Nc6 6. Bc4 Qb6 7. Nxc6 bxc6 8.
Bb3 e6 9. Be3 Qc7 10. O-O Be7 11. f4 O-O 12. h3 d5 13. e5 Nd7 14. Kh1 c5 15. Nb5
Qb6 16. a4 Bb7 17. c4 d4 18. Bd2 f6 19. exf6 Nxf6 20. Qe2 Rae8 21. Rae1 Bd8 22.
a5 Qc6 23. Nxa7 Qd7 24. Nb5 Ne4 25. Qd3 Nxd2 26. Qxd2 e5 27. fxe5 Rxf1+ 28. Rxf1
Qxh3+ 29. Kg1 Qxb3 30. Nd6 Rxe5 31. Qf4 Qe3+ 32. Qxe3 dxe3 33. Nxb7 Bh4 34. g3
Bxg3 35. Kg2 e2 36. Ra1 e1=Q 37. Rxe1 Bxe1 38. a6 Re2+ 39. Kf3 Rxb2 40. a7 Ra2
41. Nxc5 Rxa7 42. Ke4 h5 43. Ne6 h4 44. c5 Re7 45. Kd5 h3 46. c6 Bg3 47. Ng5 h2
48. c7 Bxc7 0-1

[Event "Titled Tue 10th Jun Early"]
[Site "chess.com INT"]
[Date "2025.06.10"]
[Round "10"]
[White "Toroptseva, Yevheniia"]
[Black "Wu, Derek"]
[Result "0-1"]
[WhiteTitle "WFM"]
[BlackTitle "FM"]
[WhiteElo "2104"]
[BlackElo "2232"]
[WhiteFideId "34109374"]
[BlackFideId "30914558"]
[EventDate "2025.06.10"]

1. Nc3 d5 2. e4 d4 3. Nce2 e5 4. d3 Be6 5. f4 f6 6. Nf3 Nc6 7. g3 Bd6 8. Bg2 Qd7
9. O-O Bh3 10. fxe5 fxe5 11. Bxh3 Qxh3 12. Ng5 Qh5 13. Nf7 Nf6 14. Nxh8 O-O-O
15. Kg2 Rxh8 16. Ng1 Qg6 17. Bd2 h5 18. Qf3 Ne7 19. h3 Kb8 20. c3 c5 21. a3 c4
22. Rae1 cxd3 23. Qxd3 Nc6 24. Nf3 Rd8 25. Nh4 Qe8 26. Nf5 Bf8 27. Qf3 a6 28.
cxd4 Nxd4 29. Nxd4 Rxd4 30. Bc3 Rd7 31. Rd1 Rf7 32. Qf5 Re7 33. Qf2 Nxe4 34. Qe3
Nf6 35. Rfe1 e4 36. Bd4 Nd5 37. Ba7+ Ka8 38. Bb6 Nxe3+ 39. Bxe3 Rd7 40. Rxd7
Qxd7 41. Kf2 Qd3 42. Re2 Bd6 43. Rd2 Bxg3+ 44. Kg2 Qxe3 45. Rd8+ Ka7 46. Rd7
Qf3+ 47. Kg1 Qf2+ 48. Kh1 Qf1# 0-1

[Event "Titled Tue 10th Jun Early"]
[Site "chess.com INT"]
[Date "2025.06.10"]
[Round "10"]
[White "Neustroev, Victor"]
[Black "Novikova, Marharyta"]
[Result "1-0"]
[WhiteTitle "FM"]
[BlackTitle "WCM"]
[WhiteElo "2283"]
[BlackElo "1974"]
[WhiteFideId "4144147"]
[BlackFideId "14109689"]
[EventDate "2025.06.10"]

1. e4 d5 2. exd5 Nf6 3. d4 Nxd5 4. c4 Nb6 5. Nf3 g6 6. Nc3 Bg7 7. Be2 O-O 8. O-O
Bg4 9. h3 Bxf3 10. Bxf3 Nc6 11. c5 Nc4 12. Bd5 N4a5 13. Be3 e6 14. Bxc6 Nxc6 15.
d5 Bxc3 16. dxc6 Bxb2 17. cxb7 Rb8 18. Rb1 Rxb7 19. c6 Rb5 20. Qe2 Qb8 21. Bd4
Bxd4 22. Rxb5 Bb6 23. a4 a6 24. Rb3 Qa7 25. Qe5 Bd4 26. Qe4 a5 27. Rb7 Qc5 28.
Rxc7 Bc3 29. Rd7 Rc8 30. Qd3 Qxc6 31. Rd8+ Rxd8 32. Qxd8+ Kg7 33. Rc1 Qc4 34.
Qxa5 Bxa5 35. Rxc4 Kf6 36. Rc5 Bb4 37. Rb5 Bc3 38. a5 Ke7 39. a6 Bd4 40. a7 Bxa7
41. Rb7+ Kf6 42. Rxa7 1-0

[Event "Titled Tue 10th Jun Early"]
[Site "chess.com INT"]
[Date "2025.06.10"]
[Round "10"]
[White "Papaioannou, Dimitrios"]
[Black "Durarbayli, Vasif"]
[Result "0-1"]
[WhiteTitle "CM"]
[BlackTitle "GM"]
[WhiteElo "2206"]
[BlackElo "2612"]
[WhiteFideId "25865137"]
[BlackFideId "13402935"]
[EventDate "2025.06.10"]

1. Nf3 c5 2. c4 g6 3. d4 cxd4 4. Nxd4 Nc6 5. e4 Nf6 6. Nc3 Nxd4 7. Qxd4 d6 8.
Be2 Bg7 9. Be3 O-O 10. Qd2 a5 11. O-O a4 12. Rab1 Qa5 13. Rfc1 Be6 14. b4 axb3
15. axb3 Rfc8 16. f3 Nd7 17. b4 Qa3 18. Nb5 Qa2 19. Qe1 Bxc4 20. Na7 Rc7 21. b5
Bh6 22. Bxh6 Qxa7+ 23. b6 Nxb6 24. Be3 Rc6 25. Rxb6 Rxb6 26. Bxc4 e6 27. Bxb6
Qxb6+ 28. Kh1 Rc8 29. Bd3 Rxc1 30. Qxc1 Qd4 31. Bf1 Kg7 32. g3 d5 33. exd5 Qxd5
34. Bg2 b5 35. Qa1+ Kg8 36. f4 Qc5 37. Qa8+ Kg7 38. Qa1+ Kg8 39. Qb2 b4 40. h4
h5 41. Qf6 b3 42. Be4 Qc1+ 43. Kh2 Qd2+ 44. Kh3 Qe1 0-1

[Event "Titled Tue 10th Jun Early"]
[Site "chess.com INT"]
[Date "2025.06.10"]
[Round "10"]
[White "Goryachkina, Aleksandra"]
[Black "Craciun, Sasha-Matei"]
[Result "1-0"]
[WhiteTitle "GM"]
[BlackTitle "FM"]
[WhiteElo "2533"]
[BlackElo "2320"]
[WhiteFideId "4147103"]
[BlackFideId "1281186"]
[EventDate "2025.06.10"]

1. e4 c5 2. Nf3 Nc6 3. Bb5 e5 4. O-O Bd6 5. d3 Nge7 6. a4 O-O 7. Bc4 Bc7 8. Nc3
Nd4 9. Ng5 h6 10. Nf3 d6 11. Nxd4 cxd4 12. Nd5 Nxd5 13. Bxd5 Be6 14. Bxb7 Rb8
15. Ba6 Rb6 16. Bc4 d5 17. exd5 Bxd5 18. b3 Rg6 19. f3 e4 20. Bxd5 Qd6 21. f4
Qxd5 22. f5 Rf6 23. dxe4 Qxe4 24. Qd3 Qh4 25. g3 Qh3 26. Bf4 Ba5 27. Be5 Rc6 28.
f6 g6 29. Rad1 Rfc8 30. Bxd4 Rxc2 31. Rf2 Rc1 32. Qf1 Rxd1 33. Qxd1 Rd8 34. Rf4
g5 35. Re4 Qf5 36. Qe2 Rxd4 37. Rxd4 Bb6 38. Qe8+ Kh7 39. Qxf7+ 1-0